00978nam a2200265 a 450000100060000000300080000600500170001400800410003102000270007203500190009904000180011804100080013608200310014410000260017524500670020126000430026830000340031150400660034552000370041165000390044865000360048794200120052399900170053595201600055260109BD-RjUL20211209080814.0161228s1995 ii a b 001 0 eng  a817024675X :cRs400.00 a(BD-RjUL)60233 aDLCcDLCbeng aeng 223 a368.40954 bBAS 1995 1 aBarua, Nayan.917890910aSocial security and labour welfare in India /cby Nayan Barua. aNew Delhi :bAshish Pub. House,c1995. axvi, 239 p. :bill. ;c23 cm. aIncludes bibliographical references (p. [227]-233) and index. aWith special reference to Assam. 0aIndustrial welfarezIndia.9178910 0aSocial securityzIndia.9178911 2ddccBK c60109d60109 00102ddc40718NFICaRUCLbRUCLcReadingd1999-12-21eParagon Enterprises Dhakag381.36l0o368.40954 BAS 1995r2016-12-28 00:00:00tC-1w2016-12-28yBK